| 000 | 00352nam a22001457a 4500 | ||
|---|---|---|---|
| 008 | 250217b |||||||| |||| 00| 0 eng d | ||
| 020 | _a9781543348477 | ||
| 040 | _a03 | ||
| 082 | _a618.4 MAS | ||
| 100 | _aMassey AKANSHA | ||
| 245 | _aMIDWIFERY / OBSTETRICS AND GYNECOLOGY NURSING II | ||
| 260 |
_aPEE VEE _bPEE VEE |
||
| 300 | _a685 | ||
| 942 | _c01 | ||
| 999 |
_c65184 _d65184 |
||